| 000 | 00876nam0a22002411 4500 | ||
|---|---|---|---|
| 001 | rc\571044 | ||
| 005 | 20260406120054.0 | ||
| 035 | _a(NLR Aleph) 005819669 | ||
| 090 |
_a5466037 _c5466037 |
||
| 100 | _a20031121d1988 |||y0rusy50 ca | ||
| 101 | 0 | _arus | |
| 102 | _aRU | ||
| 105 | _aa ||||||||| | ||
| 200 | 1 |
_aСказка о попе и о работнике его Балде _e[Для дошк. и мл. шк. возраста] _fА.С. Пушкин _g[Худож. В. Ковалев] |
|
| 210 |
_aКалининград _cКн. изд-во _d1988 |
||
| 215 |
_a[20] с. _cцв. ил. _d24 |
||
| 700 | 1 |
_8rus _7ca _aПушкин _bА. С. _cпоэт _f1799-1837 _gАлександр Сергеевич _3RU\NLR\AUTH\77386 _9110441 |
|
| 801 | 0 |
_aRU _bNLR _gpsbo |
|
| 801 | 1 |
_aRU _bELAR _2rusmarc |
|
| 852 |
_aNLR _jПушкин/2-С423-91 |
||
| 942 | _cBOOK | ||
| 980 | _aNB | ||